00619 2200205 4500001002100000005001500021035002000036007000300056008004100059082001000100084001600110100002700126245005700153260002900210300001200239500009300251650004400344856001700388990000800405INLIS00000000000008720220127082630 a0010-0122000087ta220127 g 0 ind  a005.5 a005.5 RIS b0 aRisky Ilham Firmansyah1 aBelajar sendiri langsung praktek microsft excel 2002 aSurabaya :bMadah,c2004 a366 hlm aSalah satu program canggih dari perusahaan microsoft yang berfungsi untuk mengolah angka 4aProgram aplikasi dengan kegunaan khusus aKoleksi Umum a196